| 000 | 00625nam a22001937a 4500 | ||
|---|---|---|---|
| 005 | 20171118160410.0 | ||
| 010 | _aENG-121479 | ||
| 020 |
_a9789325994010 _c415.00 |
||
| 035 | _aEN-105011 | ||
| 037 | _bDBAD/PUB | ||
| 082 | _a621.37 | ||
| 100 | _aBhattacharya,S.K | ||
| 245 |
_aElectrical and electronic measurement and instrumentation / _cby S.K. Bhattacharya [and] S. Bhattacharya |
||
| 260 |
_aNoida _bVikas Publishing House _c2015(repr.) |
||
| 270 |
_aE-28, Sector-8, _bNoida(UP) _e201301 |
||
| 300 |
_axvi,424p. : _c24cm(pbk) _bill |
||
| 700 | _aBhattacharya. S | ||
| 942 |
_2ddc _cEN _mBHA _h621.37 |
||
| 999 |
_c147559 _d147559 |
||